La Jurisdicción contable : las responsabilidades contables y su enjuiciamiento en la nueva ley orgánica del Tribunal de Cuentas de España / por el Excmo. Sr. D. Pascual Sala Sánchez las responsabilidades contables y su enjuiciamiento en la nueva ley orgánica del Tribunal de Cuentas de España / por el Excmo. Sr. D. Pascual Sala Sánchez
Descripción Física:
43 p. ; 24 cm
Otros Autores:
Espanya. Tribunal de Cuentas
Materias:
Espanya. -- Tribunal de Cuentas
MARC
| LEADER | 00000nam a2200000Ia 4500 | ||
|---|---|---|---|
| 001 | 17296 | ||
| 008 | 160829s9999 xx 000 0 cat d | ||
| 080 | |a FU-47-4 | ||
| 100 | |a Sala Sánchez, Pascual |9 23535 | ||
| 245 | |a La Jurisdicción contable : |b las responsabilidades contables y su enjuiciamiento en la nueva ley orgánica del Tribunal de Cuentas de España / por el Excmo. Sr. D. Pascual Sala Sánchez | ||
| 260 | |a [s.l.] : |b Tribunal de Cuentas. Servicio de Publicaciones, DL 1984 | ||
| 300 | |a 43 p. ; |c 24 cm | ||
| 610 | 0 | |a Espanya. |b Tribunal de Cuentas |9 17595 | |
| 700 | |a Espanya. Tribunal de Cuentas | ||
| 901 | |a Arxiu | ||
| 942 | |n 1 | ||
| 952 | |0 0 |1 0 |4 0 |6 FU474 |7 1 |9 42743 |a Arxiu |b Arxiu |d 2016-12-01 |l 0 |o FU-47-4 |p 17296 |r 2016-12-01 00:00:00 |w 2016-12-01 |y ARXIU | ||
| 999 | |c 45249 |d 45249 | ||